Technológia vodný lúč : odborná kniha /

Hlavní autor: Kmec, Ján
Korporativní autor: Vysoká škola technická a ekonomická v Českých Budějovicích
Další autoři: Spišák, Emil, 1955-, Kučerka, Daniel, Gombár, Miroslav, Podařil, Martin
Jazyk: Slovenština
Vydáno: České Budějovice : Vysoká škola technická a ekonomická v Českých Budějovicích, 2015
Vydání: 1. vydání
Témata:
Externí odkaz: Digitalizovaný dokument
Fyzický popis: 1 CD-ROM (284 stran) : ilustrace (některé barevné) ; 12 cm
Language note: České, anglické a slovenské resumé
Knihy
Uloženo v:
LEADER 01926nam a2200493 i 4500
001 001482525
003 CZ BrMZK
005 20240417131540.0
006 m||||||||d||||||||
007 co cg
008 150804s2015 xr e 000 0 slo
015 |a cnb002721026 
020 |a 978-80-7468-090-8  |q (CDR) 
040 |a BOA001  |b cze  |e rda 
041 0 |a slo  |b cze  |b eng  |b slo 
072 7 |a 621  |x Strojírenství  |2 Konspekt  |9 19 
080 |a 621.9.048-032.2  |2 MRF 
080 |a (048.8:082)  |2 MRF 
080 |a (0.034.44)  |2 MRF 
100 1 |a Kmec, Ján  |7 jo2013745681  |4 aut 
245 1 0 |a Technológia vodný lúč :  |b odborná kniha /  |c Ján Kmec, Emil Spišák, Daniel Kučerka, Miroslav Gombár, Martin Podařil 
250 |a 1. vydání 
264 1 |a České Budějovice :  |b Vysoká škola technická a ekonomická v Českých Budějovicích,  |c 2015 
300 |a 1 CD-ROM (284 stran) :  |b ilustrace (některé barevné) ;  |c 12 cm 
336 |a text  |b txt  |2 rdacontent 
337 |a počítač  |b c  |2 rdamedia 
338 |a počítačový disk  |b cd  |2 rdacarrier 
347 |a textový soubor  |b PDF 
500 |a Název z disku 
500 |a Terminologický slovník 
504 |a Obsahuje bibliografii 
546 |a České, anglické a slovenské resumé 
650 0 7 |a obrábění vodním paprskem  |7 ph503935  |2 czenas 
655 7 |a kolektivní monografie  |7 fd501537  |2 czenas 
655 7 |a CD-ROM  |7 fd133955  |2 czenas 
700 1 |a Spišák, Emil,  |d 1955-  |7 jx20070831003  |4 aut 
700 1 |a Kučerka, Daniel  |7 ola2015854916  |4 aut 
700 1 |a Gombár, Miroslav  |7 mzk2015882574  |4 aut 
700 1 |a Podařil, Martin  |7 ola2016911341  |4 aut 
710 2 |a Vysoká škola technická a ekonomická v Českých Budějovicích  |7 pna2008418349  |4 isb 
856 4 1 |u http://www.digitalniknihovna.cz/mzk/view/uuid:ec436c54-13a2-4bb4-8343-8d114889ad53  |y Digitalizovaný dokument 
910 |a BOA001  |b CDR-1350.830 
990 |a BK 
991 |b 201510  |c NOV  |e n